ბათუმის შოთა რუსთაველის სახელმწიფო უნივერსიტეტის ბიბლიოთეკა

An introduction to Discourse Analisis (ბიბ.ჩანაწერი № 45713)

000 -LEADER
fixed length control field 00565nam a2200241Ia 4500
001 - CONTROL NUMBER
control field 12540
003 - CONTROL NUMBER IDENTIFIER
control field GE_BSU
008 - FIXED-LENGTH DATA ELEMENTS--GENERAL INFORMATION
fixed length control field 181216s||||||||xx |||||||||||||| ||und||
020 ## - INTERNATIONAL STANDARD BOOK NUMBER
International Standard Book Number 9780203847886
040 ## - CATALOGING SOURCE
Transcribing agency GE_BSU
080 ## - UNIVERSAL DECIMAL CLASSIFICATION NUMBER
Universal Decimal Classification number 81'42
100 ## - MAIN ENTRY--PERSONAL NAME
Personal name Gee,James Paul
245 #3 - TITLE STATEMENT
Title An introduction to Discourse Analisis
245 ## - TITLE STATEMENT
Remainder of title Theory and method
260 ## - PUBLICATION, DISTRIBUTION, ETC.
Place of publication, distribution, etc. Paris
260 ## - PUBLICATION, DISTRIBUTION, ETC.
Name of publisher, distributor, etc. Routledge
260 ## - PUBLICATION, DISTRIBUTION, ETC.
Date of publication, distribution, etc. 2011
300 ## - PHYSICAL DESCRIPTION
Extent 218p.23cm.
653 ## - INDEX TERM--UNCONTROLLED
Uncontrolled term An introduction to Discourse Analisis
653 ## - INDEX TERM--UNCONTROLLED
Uncontrolled term Theory and method
942 ## - ADDED ENTRY ELEMENTS (KOHA)
Koha item type წიგნი
ეგზემპლარები
Withdrawn status Lost status Damaged status Not for loan Date acquired Barcode Date last seen Price effective from Koha item type
        2018-12-17 36325 2018-12-17 2018-12-17 წიგნი
        2018-12-17 36326 2018-12-17 2018-12-17 წიგნი
        2018-12-17 36327 2018-12-17 2018-12-17 წიგნი
        2018-12-17 36328 2018-12-17 2018-12-17 წიგნი
        2018-12-17 36329 2018-12-17 2018-12-17 წიგნი